000 00350pab a2200145 454500
008 180718b1983 xxu||||| |||| 00| 0 eng d
100 _aSethna, H.N.
245 _aScientists accountability to tax payers
260 _c1983
300 _a315-16
362 _a27 Aug.
650 _aGovernmental Research - India
773 _aCommerce
909 _a9439
999 _c9439
_d9439